000 00382nam a2200133 a 4500
001 000032980
005 20200930065942.0
008 110805s1881 dr 000 0 spa d
040 _aDO-SdBNP
_bspa
_cBNPHU
082 _axxx
_bF945
245 0 4 _aLos frutos de la normal :
_bPrimer curso práctico.
260 _aSanto Domingo :
_bImprenta de García,
_c1881.
300 _a79 p. ;
_c18 cm.
999 _c32471
_d32471